Statistics for Digits of a Googol

Click here to take the quiz!

General Stats

  • This quiz has been taken 128 times
  • The average score is 98 of 101

Answer Stats

Digits% Correct
1
100%
0
98%
0
98%
0
98%
0
98%
0
98%
0
98%
0
98%
0
98%
0
98%
0
98%
0
98%
0
98%
0
98%
0
98%
0
98%
0
98%
0
98%
0
98%
0
98%
0
98%
0
98%
0
98%
0
98%
0
98%
0
98%
0
98%
0
98%
0
98%
0
98%
0
98%
0
98%
0
98%
0
98%
0
98%
0
98%
0
98%
0
98%
0
98%
0
98%
0
98%
0
98%
0
98%
0
98%
0
98%
0
98%
0
98%
0
98%
0
98%
0
98%
0
98%
0
96%
0
96%
0
96%
0
96%
0
96%
0
96%
0
96%
0
96%
0
96%
0
96%
0
96%
0
96%
0
96%
0
96%
0
96%
0
96%
0
96%
0
96%
0
96%
0
96%
0
96%
0
96%
0
96%
0
96%
0
96%
0
96%
0
96%
0
96%
0
96%
0
96%
0
96%
0
96%
0
96%
0
96%
0
96%
0
96%
0
96%
0
96%
0
96%
0
96%
0
96%
0
96%
0
96%
0
96%
0
96%
0
96%
0
96%
0
96%
0
96%
0
96%

Score Distribution

Percentile by Number Answered

Percent of People with Each Score

Your Score History

You have not taken this quiz